[Event "1st Guwahati GM Open 2022"]
[Site "Guwahati"]
[Date "2022.03.18"]
[Round "7.5"]
[White "Sidhant, Mohapatra"]
[Black "Iniyan, P."]
[Result "1-0"]
[WhiteElo "2359"]
[BlackElo "2516"]
[Annotator "TA"]
[PlyCount "79"]
[EventDate "2022.03.15"]
[EventCountry "IND"]
[SourceTitle "playchess.com"]
[Source "ChessBase"]
[SourceQuality "1"]

{[%evp 12,79,11,13,29,24,91,64,54,45,50,41,54,55,42,33,59,66,74,77,67,69,69,67,72,43,53,54,78,62,87,50,56,-16,-12,-33,-32,-34,385,377,758,758,751,735,768,767,759,743,1221,1182,1358,1348,1310,1314,1275,1254,1262,1223,1247,1237,29976,2110,29982,29982,29970,6187,6187,5422,29986,29987]} 1. e4 c5 2. Nf3 d6 3. d4 cxd4 4. Nxd4 Nf6 5. Nc3 Nc6 6. Be2 e5 7. Nb3 {7.Nf3 might become the main line.} h6 {B59: Classical Sicilian: 6 Be2 e5 7 Nb3.} 8. O-O g5 {[#]} (8... Be7 $11) 9. Re1 $146 ({Predecessor:} 9. f3 Be6 10. Nd5 Rc8 11. c3 Rg8 12. Kh1 h5 13. Be3 g4 14. Nxf6+ Qxf6 15. fxg4 {0-1 (39) Lemos,J-De Carvalho,F Fortaleza 1951}) 9... Be6 {White is slightly better.} 10. Bf1 Bg7 11. Nb5 Bf8 12. c4 Rc8 13. a3 {[%cal Ba2a3,Ba3a4,Ba4a5][%mdl 32]} a6 14. Nc3 Ne7 15. Nd5 {[%cal Rd5f6]} Bg7 16. a4 O-O 17. a5 (17. Bd2 {keeps more tension.} Nc6 18. a5 Nd7 19. Be3 Ne7 20. Bd3) 17... Nfxd5 18. exd5 Bd7 19. Be3 Qe8 20. Qd2 f5 $1 21. Bb6 {White is more active.} Rf6 22. c5 ({Better is} 22. Qb4 $14) 22... Bb5 $1 $11 23. Bxb5 Qxb5 24. Nd4 Qc4 {[%mdl 8192] Black cannot hold the game after this.} (24... exd4 $15 25. Rxe7 dxc5) 25. cxd6 $1 $18 Nxd5 {[#]} (25... Rxd6 $2 26. Nxf5 $1 {[%mdl 512]} Nxf5 27. Rac1 $18) (25... Qxd5 26. dxe7 Re8) 26. Rac1 $1 Nxb6 27. Rxc4 ({Weaker is} 27. axb6 Rxd6 28. Rxc4 Rxc4 $16) 27... Nxc4 {[#]} 28. d7 $1 {[%mdl 512]} Rd8 29. Qc2 Nd6 {[#]} 30. Qc7 $1 Nf7 (30... Rxd7 31. Qxd7) 31. Rxe5 Rd6 32. Re8+ {[%cal Be5e8,Be8d8,Bd8f8][%mdl 32]} Kh7 33. Rxd8 Rxd4 34. Kf1 Be5 35. Qc8 {aiming for Rf8.} Nd6 36. Qc2 (36. Re8 $142 Bg7 {[#]} 37. d8=Q $1 {[%mdl 512]} Nxc8 38. Qxc8 Rd1+ 39. Ke2 Rd5 40. Re7 Re5+ 41. Rxe5) 36... Bf6 37. Rf8 Ne4 38. f3 (38. Qc7 $142 Rd1+ 39. Ke2 Rd2+ 40. Ke1 Bg7 41. d8=Q Rxd8 42. Rxd8 Nf6 43. Qxb7) 38... Kg7 39. d8=Q Nd2+ 40. Qxd2 {Weighted Error Value: White=0.14 (very precise) /Black=0.91} 1-0

[Event "1st Guwahati GM Open 2022"]
[Site "Guwahati"]
[Date "2022.03.18"]
[Round "7.6"]
[White "Gusain, Himal"]
[Black "Fawzy, Adham"]
[Result "0-1"]
[WhiteElo "2408"]
[BlackElo "2476"]
[Annotator "TA"]
[PlyCount "82"]
[EventDate "2022.03.15"]
[EventCountry "IND"]
[SourceTitle "playchess.com"]
[Source "ChessBase"]
[SourceQuality "1"]

{[%evp 18,82,25,12,25,8,8,10,43,60,48,47,32,27,72,71,68,66,59,42,39,40,39,46,47,37,125,145,147,181,143,145,130,98,69,33,35,-221,-233,-233,-226,-204,-222,-202,-195,-233,-233,-219,-209,-199,-196,-811,-783,-2184,-992,-29976,-29977,-29977,-29978,-29979,-29980,-29980,-29981,-29983,-29979,-29979,-29978]} 1. d4 Nf6 2. c4 g6 3. Nf3 Bg7 4. g3 c6 5. Bg2 d5 6. Nbd2 O-O 7. O-O Nbd7 8. b3 b6 9. Bb2 Bb7 10. Qc2 e6 {A11: English Opening: 1...c6.} 11. e4 dxe4 12. Nxe4 {[%cal Bd2e4,Be4d6,Bd6b5,Bb5d4,Bd4e6][%mdl 32]} c5 {[#] The position is equal.} 13. Nd6 $146 ({Predecessor:} 13. Nxf6+ Qxf6 14. Ne5 Bxg2 15. Kxg2 Rfd8 16. Nf3 cxd4 17. Bxd4 Qe7 18. Bxg7 Kxg7 19. Rad1 {1-0 (64) Loginov,V (2478)-Unuk,L (2253) Skopje 2018}) 13... Bc6 14. Rad1 {[%cal Od4d5]} Qe7 15. Nb5 Rfc8 (15... cxd4 $11 {might be stronger.} 16. Qe2 (16. Nbxd4 Be4 $14) (16. Rxd4 a6 $11) (16. Nfxd4 Bxg2 17. Kxg2 a6 $11) 16... a6 17. Nbxd4 Be4) 16. Rfe1 $16 {[%cal Od4d5] Strongly threatening d5!} cxd4 17. Ba3 Nc5 18. Nbxd4 Bb7 19. b4 $36 {[%mdl 2048] White fights for an advantage.} Ncd7 20. Qb3 a6 {[%cal Ob6b5]} 21. Bb2 Rc7 ({Black should try} 21... h6 $14) 22. Ng5 $1 Bxg2 {[#]} 23. Ndxe6 $1 {[%mdl 512]} fxe6 24. Rxe6 Qf8 {[%cal Oa6a5]} 25. c5 {Threatens to win with Rxf6+.} Kh8 {[%cal Og2d5] Hoping for ...Bd5!} 26. cxb6 Nxb6 {[%cal Bd7b6,Bb6d5,Bd5f6][%mdl 32]} (26... Ng4 $2 27. Bxg7+ Qxg7 28. bxc7 $18) 27. Rxf6 $2 {[%mdl 8192] This costs White the game.} Bxf6 $19 28. Ne6 {[#]} Bd5 $1 29. Rxd5 {[#]} Nxd5 $1 30. Nxf8 Rxf8 31. Bxf6+ Nxf6 32. Qe6 Rc1+ 33. Kg2 Rc2 {[%cal Of6g4] aiming for ...Ng4!} 34. Kh3 {Inhibits Ng4.} (34. Qb3 Rd2 35. Qe3) 34... h5 35. f3 Kg7 (35... g5 $142 36. g4 {[#]} Nxg4 $1 {[%mdl 512]}) 36. g4 hxg4+ {Black mates.} 37. fxg4 Re8 38. Qxa6 g5 {[%cal Re8e3]} 39. Qa7+ Kg6 40. Kg3 Rd8 41. Qa6 Rcd2 {Weighted Error Value: White=0.61/Black=0.22 (precise)} 0-1

[Event "1st Guwahati GM Open 2022"]
[Site "Guwahati"]
[Date "2022.03.18"]
[Round "7.7"]
[White "Kaustuv, Kundu"]
[Black "Tahbaz, Arash"]
[Result "1/2-1/2"]
[WhiteElo "2308"]
[BlackElo "2469"]
[Annotator "TA"]
[PlyCount "86"]
[EventDate "2022.03.15"]
[EventCountry "IND"]
[SourceTitle "playchess.com"]
[Source "ChessBase"]
[SourceQuality "1"]

{[%evp 18,86,48,46,35,37,41,21,34,26,62,64,69,57,66,55,67,64,64,58,67,58,60,62,60,64,77,78,77,25,53,1,18,20,22,0,14,12,12,15,10,8,8,8,8,8,8,0,0,0,8,8,8,8,8,8,8,8,8,8,8,8,25,25,25,25,25,25,26,25,25]} 1. Nf3 c5 2. c4 g6 3. d4 cxd4 4. Nxd4 Nc6 5. e4 Nf6 6. Nc3 Nxd4 7. Qxd4 d6 8. Be2 Bg7 9. Be3 O-O 10. Qd2 a5 {[%cal Ba7a5,Ba5a4][%mdl 32] B36: Sicilian: Maroczy Bind: Gurgenidze System.} 11. O-O a4 12. Bd4 $1 {[%mdl 4] is now more promising than 12.f3.} Qa5 $1 {[%cal Of6e4] The position is equal.} 13. Rad1 Be6 14. f4 $1 {[%cal Bf2f4,Bf4f5][%mdl 32]} Rfc8 15. b3 axb3 16. axb3 Qb4 $1 17. f5 Bd7 18. Bxf6 Bxf6 19. Nd5 Qxd2 $1 20. Nxf6+ exf6 21. Rxd2 Bc6 22. fxg6 {White is more active.} hxg6 23. Rxd6 (23. Rxf6 $16 Ra1+ 24. Kf2) 23... Ra2 $11 24. Bf3 ({White should play} 24. Rf2 $14) 24... Rb2 25. Rxf6 Rxb3 26. h4 {[#]} Rc3 $146 ({Predecessor:} 26... Rc7 27. h5 Kg7 28. Rf4 Rc3 29. hxg6 fxg6 30. e5 Bxf3 31. R1xf3 R3xc4 32. Rxc4 Rxc4 {½-½ (40) Galkin,A (2598)-Parligras,M (2626) Konya 2011}) 27. h5 {Threatens to win with Bg4.} Kg7 $1 28. Be2 Rc7 29. hxg6 fxg6 30. R6f3 Rc2 31. Bd3 Rd2 32. R1f2 Rd1+ 33. Rf1 Rxf1+ 34. Kxf1 {[%mdl 4096] Endgame KRB-KRB} Re7 35. Rf4 (35. Ke1 $5 {[%cal Re1d2]}) 35... g5 36. Rf5 Bxe4 37. Bxe4 Rxe4 38. Rxg5+ {KR-KR} Kf6 39. Rc5 Ke6 40. Rc7 {White has an edge.} Kd6 41. Rxb7 Rxc4 42. Rf7 Ke5 43. g3 Rc2 {Weighted Error Value: White=0.06 (flawless) /Black=0.03 (flawless)} 1/2-1/2

[Event "1st Guwahati GM Open 2022"]
[Site "Guwahati"]
[Date "2022.03.18"]
[Round "7.8"]
[White "Krishna C R G"]
[Black "Aradhya, Garg"]
[Result "1-0"]
[WhiteElo "2466"]
[BlackElo "2236"]
[Annotator "TA"]
[PlyCount "107"]
[EventDate "2022.03.15"]
[EventCountry "IND"]
[SourceTitle "playchess.com"]
[Source "ChessBase"]
[SourceQuality "1"]

{[%evp 11,107,0,4,0,8,-22,14,-13,16,16,19,30,62,33,112,77,77,74,77,58,117,96,224,223,222,224,238,185,185,185,185,186,251,222,214,187,187,147,138,150,123,135,131,126,142,132,136,141,162,104,111,90,90,90,90,90,135,117,116,110,144,141,150,150,150,150,750,783,797,754,739,191,191,191,191,106,699,562,29944,10512,8277,5003,2150,1744,29954,29953,12844,12384,1973,258,29966,29967,29975,29975,29979,29980,29959,1860]} 1. d4 d5 2. c4 c6 3. Nf3 Nf6 4. e3 Bg4 5. Nc3 e6 6. Qb3 Qb6 7. Bd2 {D11: Slav Defence: 3 Nf3 sidelines and 3...Nf6 4 e3 Bg4.} Nbd7 {[#]} 8. O-O-O $146 ({Predecessor:} 8. cxd5 Qxb3 9. axb3 exd5 10. Bd3 Bd6 11. Nh4 O-O 12. f3 Be6 13. Nf5 Bb4 14. Na4 Bxf5 15. Bxf5 {½-½ (42) Ehlvest,J (2605)-Wojtkiewicz,A (2551) New York 2004}) 8... Rc8 9. h3 {The position is equal.} Bh5 10. g4 Bg6 11. Nh4 Qc7 12. cxd5 exd5 (12... cxd5 $14 13. Nxg6 hxg6) 13. Nxg6 hxg6 14. Bg2 $36 {[%mdl 2048] White is in control.} Be7 15. Kb1 Kf8 (15... Nb6 $14) 16. g5 $16 Ne4 (16... Ne8 $16) 17. Nxe4 $18 (17. Bxe4 $6 dxe4 18. Nxe4 Nb6 $16) 17... dxe4 {[#]} 18. h4 $1 ({But not} 18. Bxe4 $6 Bxg5 19. Qa3+ Kg8 $16) 18... Qb6 19. Qxb6 ({Don't do} 19. Bxe4 $6 Qxb3 20. axb3 Nb6) 19... Nxb6 20. Bxe4 Bd6 21. Bf3 f5 (21... Rd8 {was worth a try.} 22. Rc1 Kg8) 22. gxf6 gxf6 23. e4 Rc7 24. h5 gxh5 25. Rxh5 Rxh5 26. Bxh5 Rh7 {Inhibits Bh6+.} 27. Bg4 Rh4 28. f3 Nc4 29. Bc1 Kf7 {To avoid Be6+} 30. Bc8 (30. Kc2 $18) 30... Rh8 $16 31. b3 Na3+ 32. Bxa3 Bxa3 33. Bxb7 {[%mdl 4096] Endgame KRB-KRB} c5 ({Better is} 33... Rh2) 34. dxc5 Bxc5 35. Rd5 Bb6 36. a4 Rh3 37. Rf5 Kg6 38. Kc2 Rh5 $2 (38... Rg3 $16 39. Bc8 Rg5) 39. Rxh5 $18 Kxh5 {KB-KB} 40. Kc3 Kg5 41. Kc4 $2 (41. b4 Kf4 42. Kc4) 41... Kf4 42. Kb5 {Strongly threatening b4.} Ke5 43. Kc6 (43. b4 $18) 43... Bf2 $2 {[%mdl 8192] [#]} (43... Kf4 $16) 44. b4 $1 {[%cal Bb3b4,Bb4b5][%mdl 32] aiming for Bc8.} Bd4 45. Bc8 {Threatening mate with Bf5.} Bf2 46. Bg4 {Hoping for b5.} Be3 47. Bh3 Kf4 48. b5 Bb6 49. Kb7 {[%cal Oa4a5] a5! would kill now.} Ke5 50. a5 $2 (50. Ka6 {Black must now prevent Bg4.} Bd4 51. a5) 50... Be3 $2 (50... Bxa5 $18 51. Kxa7 Bd2) 51. Kc6 {White mates.} Kf4 52. Bg4 Bd2 53. b6 axb6 54. a6 {Weighted Error Value: White=0.33/Black=0.62} 1-0

[Event "1st Guwahati GM Open 2022"]
[Site "Guwahati"]
[Date "2022.03.18"]
[Round "7.9"]
[White "Stany, G.A."]
[Black "Dhananjay S"]
[Result "1/2-1/2"]
[WhiteElo "2517"]
[BlackElo "2310"]
[Annotator "TA"]
[PlyCount "117"]
[EventDate "2022.03.15"]
[EventCountry "IND"]
[SourceTitle "playchess.com"]
[Source "ChessBase"]
[SourceQuality "1"]

{[%evp 18,117,18,15,20,0,0,0,0,0,0,-9,0,-48,-42,-157,-147,-166,-167,-158,-148,-143,-173,-169,-126,-204,-131,-131,-108,-113,-124,-234,-98,-103,-98,-98,-98,-98,-98,-98,-98,-98,-98,-133,-133,-221,-226,-198,-145,-145,-145,-145,-140,-140,-98,-98,-99,-109,0,-36,0,-14,-14,-36,-10,-10,-10,-10,-10,-10,-10,-10,0,-10,-10,-10,0,-10,-10,-10,-10,-10,0,-9,-9,-9,-9,-9,-9,-9,-9,-9,-9,-9,-9,-9,-9,-9,-9,-9,0,-28000]} 1. e4 c5 2. Nf3 d6 3. d4 cxd4 4. Nxd4 Nf6 5. Nc3 Nc6 6. f3 e5 7. Nb3 Be6 8. Nd5 Be7 9. Be3 O-O $1 {[%mdl 4] is currently scoring better than 9...Bxd5.} 10. Qd2 a5 {B56: Classical Sicilian: Unusual Lines.} 11. c4 a4 12. Nc1 b5 13. cxb5 Bxd5 14. exd5 Nd4 {[#]} 15. Bc4 $146 (15. Bxd4 $11 exd4 16. Bc4 (16. Qxd4 Nd7 $15)) ({Predecessor:} 15. Bxd4 exd4 16. Bc4 Qc7 17. b3 axb3 18. Bxb3 Qc5 19. O-O Qxb5 20. Qxd4 Nd7 21. Rb1 {0-1 (44) Almagro Mazariegos,S (2268)-Merario Alarcon,A (2392) Linares 2019}) 15... Qc7 $36 {[%mdl 2048] Black fights for an advantage.} 16. b3 (16. Bd3 $1 $15) 16... axb3 $17 17. Bxb3 Nxb3 (17... Nxb5 18. Ne2 $11) 18. Nxb3 Qc4 {[%csl LRb5,LRd5]} 19. Na5 Qxb5 20. Nc6 Bd8 ({Black should try} 20... Nxd5 $19 21. Nxe7+ Nxe7) 21. Bg5 (21. Nxd8 $17 {was necessary.} Rfxd8 22. Kf2) 21... Ba5 (21... Nxd5 22. Nxd8 Ra3 23. Kf2 $17) 22. Nxa5 Rxa5 23. Bxf6 gxf6 24. Qh6 (24. Kf2 $17) 24... Qd3 (24... Qxd5 25. Qxf6 Qd3 26. Kf2 $15) (24... Rfa8 $19 {and Black stays clearly on top.} 25. Qd2 Qc4) 25. Kf2 Qc2+ ({But not} 25... Rxd5 $6 26. Qxf6 e4 27. Rhd1 Qc2+ 28. Kg3 Rxd1 29. Qg5+ Kh8 30. Qf6+ Kg8 31. Qg5+ Kh8 32. Qf6+ Kg8 $11) 26. Kg3 Qg6+ ({Much worse is} 26... Rxa2 27. Rxa2 Qxa2 28. Re1 $11) ({Reject} 26... Rxd5 $6 27. Qxf6 Ra8 28. a4 $11) 27. Qxg6+ hxg6 {[%mdl 4096] Endgame KRR-KRR} 28. a4 Rfa8 29. Rhb1 Rxd5 30. Rb6 Raa5 31. Rc1 (31. h4 $17 {might work better.}) 31... Rxa4 $19 32. Rcc6 f5 (32... e4 $19 {...Rg5+ is the strong threat.} 33. Rxd6 Rg5+ 34. Kh3 exf3 35. gxf3 Rh5+ 36. Kg2 Ra2+ 37. Kg3 Rg5+ 38. Kf4 Rf5+ 39. Kg3 Ra3) 33. Rxd6 $17 Rxd6 34. Rxd6 {KR-KR} Rd4 {To avoid Rd5} 35. Ra6 Rd2 (35... g5 $142 36. Ra2 Kg7) 36. h4 Kg7 37. Kh3 e4 (37... f4 $17 38. Kh2 Rd1) 38. Kg3 Rb2 39. Ra4 Re2 40. Ra6 exf3 41. gxf3 {The position is equal.} Re6 42. Ra7 Rb6 43. Rc7 Kf6 44. Ra7 $1 Ke6 45. Ra5 Rd6 46. Ra7 Rd7 47. Ra5 f6 48. Ra8 Kf7 49. Ra6 g5 50. hxg5 fxg5 51. Rb6 Re7 52. Ra6 Re6 53. Ra5 Kg6 54. Rb5 Ra6 55. Rc5 Ra3 {[#] White must now prevent ...g4.} 56. Kg2 Ra2+ 57. Kg3 f4+ 58. Kh3 Rf2 $2 {[%mdl 8192]} (58... Ra1 $11 59. Kg2 Ra3) 59. Rxg5+ {[%mdl 32768] Weighted Error Value: White=0.15 (very precise) /Black=0.13 (very precise) . An unexpected result.} 1/2-1/2

[Event "1st Guwahati GM Open 2022"]
[Site "Guwahati"]
[Date "2022.03.18"]
[Round "7.10"]
[White "Mosadeghpour, Masoud"]
[Black "Aaryan Varshney"]
[Result "1/2-1/2"]
[WhiteElo "2511"]
[BlackElo "2277"]
[Annotator "TA"]
[PlyCount "94"]
[EventDate "2022.03.15"]
[EventCountry "IND"]
[SourceTitle "playchess.com"]
[Source "ChessBase"]
[SourceQuality "1"]

{[%evp 17,94,12,18,10,23,16,18,15,16,28,19,22,19,17,18,3,3,3,3,5,12,0,10,0,18,8,26,0,8,0,7,-27,-25,-22,-10,-8,-6,-5,0,0,0,0,0,0,0,0,0,0,0,0,0,0,0,0,0,0,0,0,0,0,0,0,0,0,0,0,0,0,0,0,0,0,0,0,0,0,0,0,0]} 1. e4 c5 2. Nf3 d6 3. d4 cxd4 4. Nxd4 Nf6 5. Nc3 a6 6. Be3 e5 7. Nf3 Be7 8. Bc4 O-O 9. O-O Be6 10. Bxe6 {B90: Sicilian Najdorf: Unusual White 6th moves, 6 Be3 Ng4 and 6 Be3 e5.} fxe6 11. Na4 {[#] Threatens to win with Ng5.} Ng4 12. Qd3 Nxe3 13. Qxe3 b5 14. Nb6 Ra7 {[#] ...Rb7 is the strong threat.} 15. Nd5 $1 Rb7 16. Nxe7+ Qxe7 17. Rad1 Nd7 18. Rd2 Rc8 19. Rfd1 Rc6 {[#]} 20. Ne1 $146 ({Predecessor:} 20. h4 Nf6 21. Rd3 h6 22. c3 Ne8 23. g3 Qf7 24. Nd2 a5 25. b3 Qh5 26. Nb1 {1-0 (45) Aldokhin,I (2376)-Kurukin,D (2417) Moscow 2012}) 20... Nf6 21. f3 h6 22. h3 Kh7 23. Nd3 a5 24. f4 Rc4 25. Nf2 exf4 {The position is equal.} 26. Qxf4 d5 {[%cal Rf6e4]} 27. b3 Rxe4 28. Nxe4 Nxe4 29. Rd4 e5 30. Rxe4 exf4 31. Rxe7 Rxe7 32. Rxd5 $11 {[%mdl 4096] Endgame KR-KR} Re1+ 33. Kf2 Ra1 34. Rxb5 Rxa2 35. Rc5 a4 36. bxa4 Rxa4 37. Rc7 Kg6 38. Kf3 Kf6 39. h4 g6 {[%cal Bg7g6,Bg6g5][%mdl 32]} 40. c4 g5 41. c5 Ra3+ 42. Kf2 Ra2+ 43. Kf3 Ra3+ 44. Kf2 Ra2+ 45. Kf3 Ra3+ 46. Ke4 Ra4+ 47. Kf3 Ke5 {A balanced but interesting game.  Weighted Error Value: White=0.04 (flawless) /Black=0.03 (flawless)} 1/2-1/2

[Event "1st Guwahati GM Open 2022"]
[Site "Guwahati"]
[Date "2022.03.18"]
[Round "7.11"]
[White "Mirzoev, Azer"]
[Black "Arpan, Das"]
[Result "1-0"]
[WhiteElo "2468"]
[BlackElo "2155"]
[Annotator "TA"]
[PlyCount "93"]
[EventDate "2022.03.15"]
[EventCountry "IND"]
[SourceTitle "playchess.com"]
[Source "ChessBase"]
[SourceQuality "1"]

{[%evp 11,93,7,19,13,33,31,32,24,26,25,33,10,20,17,41,50,49,46,73,81,103,102,104,103,112,105,100,94,150,146,141,141,149,142,137,121,167,146,150,136,162,158,182,96,283,272,303,293,307,293,321,350,321,283,280,275,397,390,390,381,370,345,330,271,230,192,327,315,449,397,459,458,29962,29963,29979,29980,29979,29980,29981,29981,29983,29984,29983,129]} 1. d4 Nf6 2. Nf3 e6 3. c4 c5 4. e3 d5 5. cxd5 exd5 6. Bb5+ Bd7 7. Bxd7+ {D30: Queen's Gambit Declined: Systems without Nc3.} Qxd7 8. O-O Nc6 9. b3 {White is slightly better.} cxd4 10. Nxd4 Bd6 {[#]} 11. Nxc6 $146 ({Predecessor:} 11. Nc3 Be5 12. Nce2 O-O 13. Bb2 Ne4 14. Rc1 Rfe8 {½-½ (14) Horvath,C (2546)-Stohl,I (2561) Rabac 2004}) 11... bxc6 12. Bb2 {To avoid Be5} Qf5 13. Nd2 {[%cal Oe3e4,Bb1d2,Bd2f1,Bf1g3,Bg3f5,Bf5d4][%mdl 32]} O-O 14. Rc1 Rac8 {[#]} 15. Qf3 $1 Qe6 16. Bxf6 gxf6 17. Rfd1 Rfd8 18. Nf1 c5 19. Ng3 Be5 (19... Bxg3 $142 20. Qxg3+ Kh8) 20. Nf5 $16 Kh8 21. g3 (21. Qg4 $6 Rg8 22. Qf3 Rg5 $14) 21... a5 22. Rc2 (22. Qg4 Rg8 23. Qf3 Rg5 $16) 22... c4 23. Kg2 $36 {[%mdl 2048] Black is under strong pressure.} (23. Qg4 Rg8 24. Qf3 a4 $16) 23... c3 (23... Rb8 $16) 24. Nd4 (24. Qg4 Rg8 25. Qf3 Rg5 $16) 24... Qb6 25. Rd3 Qb4 26. Qf5 a4 27. bxa4 (27. f4 $18 Bxd4 28. Rxd4) 27... Qxa4 $2 {Black cannot hold the game after this.} (27... Qb1 $16 {was worth a try.}) 28. Rcxc3 $18 ({Resist} 28. Rdxc3 $6 Rc4 29. Rc1 (29. Rxc4 dxc4 30. Nf3 Qc6 $16) 29... Qa6 $16) 28... Rxc3 29. Rxc3 Bxd4 30. Rc8 ({Less strong is} 30. exd4 Qxd4 31. Rf3 Qb6 $16) 30... Rxc8 31. Qxc8+ Kg7 {Threatens to win with ...Be5.} 32. Qg4+ {[%mdl 64] [#] Pin, Double Attack} ({Weaker is} 32. exd4 Qxd4 33. Qc2 Qa1 $11) 32... Kf8 {[%cal Oa4a2]} 33. Qxd4 Qxa2 (33... Qc6 $142 34. a4 Ke7) 34. Qxf6 {[%mdl 4096] Endgame KQ-KQ} Kg8 35. h4 {Strongly threatening h5.} Qc4 36. Qd4 Qc6 37. g4 {[%cal Bg3g4,Bg4g5][%mdl 32]} Qe6 38. Kg3 {Black must now prevent g5.} Qd6+ (38... h6 $142 39. h5 Qd6+ 40. Qf4 Qe6) 39. Qf4 Qc6 (39... Qe6 $142 40. Qb8+ Kg7) 40. g5 {aiming for h5.} Kf8 41. h5 {[%cal Bh4h5,Bh5g6][%mdl 32]} Qe6 (41... Qc1 $18 42. Qb8+ Ke7 43. Qe5+ Kf8 44. Qd6+ Ke8 45. Qxd5 Qg1+ 46. Qg2 Qb1 47. Qa8+ Kd7 48. Qd5+ Ke7) 42. Qf6 {White mates.} Qd7 43. g6 Qc7+ 44. Kg4 hxg6 45. hxg6 Qc4+ 46. Kg5 {[%csl Gg6][%cal Rf6f7]} d4 47. Qd8+ $2 {Weighted Error Value: White=0.05 (flawless) /Black=0.43} (47. Kh6 {mates} Qc7 48. Qg7+ Ke8 49. Qg8+ Ke7 50. Qxf7+ Kd8 51. Qxc7+ Kxc7 52. exd4) 1-0

[Event "1st Guwahati GM Open 2022"]
[Site "Guwahati"]
[Date "2022.03.18"]
[Round "7.12"]
[White "Sai Agni Jeevitesh, J."]
[Black "Nigmatov, Ortik"]
[Result "0-1"]
[WhiteElo "2316"]
[BlackElo "2445"]
[Annotator "TA"]
[PlyCount "58"]
[EventDate "2022.03.15"]
[EventCountry "IND"]
[SourceTitle "playchess.com"]
[Source "ChessBase"]
[SourceQuality "1"]

{[%evp 11,57,9,58,17,10,12,22,0,12,-23,-12,-1,-29,-56,-58,-59,-54,-57,-15,-31,-14,-90,-80,-299,-283,-304,-287,-257,-289,-638,-658,-638,-531,-665,-578,-798,-797,-732,-598,-1316,-1048,-29995,-29996,-29997,-29998,-29998,-29999,-29999]} 1. d4 Nf6 2. c4 g6 3. Nc3 d5 4. Nf3 Bg7 5. Qb3 dxc4 6. Qxc4 a6 (6... O-O $11 {is superior.}) 7. e4 {D96: Grünfeld: Russian System (5 Qb3): sidelines.} (7. Bf4 $1 $14) 7... b5 8. Qb3 c5 9. dxc5 {The position is equal.} Bb7 {[#]} 10. e5 $146 ({Predecessor:} 10. Be2 O-O 11. O-O Nbd7 12. Rd1 Qc7 13. Nd5 Bxd5 14. exd5 Nxc5 15. Qb4 Rfc8 16. Bf4 Qb7 17. Qd4 Nfd7 18. Qd2 Ne4 19. Qe3 {½-½ (67) Tin,J (2482)-Gareyev,T (2596) Krasnaya Polyana 2021}) 10... Nfd7 {[%csl LRc5,LRe5][%cal Bf6d7,Bd7c5,Bc5d3][%mdl 32]} 11. e6 Nxc5 12. exf7+ Kf8 13. Qb4 Nd3+ 14. Bxd3 Qxd3 (14... Bxf3 $15 15. Be2 (15. gxf3 Qxd3 16. Qe4 Qxe4+ 17. Nxe4 Nc6 $15) 15... Nc6) 15. Bg5 {[%csl Gg5][%cal Rb4e7]} Nc6 16. Qc5 (16. Qh4 $1 $11 {keeps the balance.}) 16... Rd8 $40 {[%mdl 128] ...b4 is the strong threat. Black is out for blood.} (16... Kxf7 $6 17. Rd1 Qf5 18. Qxf5+ gxf5 19. Rd7 $11) 17. a3 {Inhibits b4. White does not recover from this.} (17. Qe3 $17) 17... h6 $19 {Chess con chili.} ({Stronger than} 17... Kxf7 18. Qe3 $17) 18. Be3 Kxf7 19. Rc1 Rd6 20. h4 $2 (20. Ne2 Bxb2 21. O-O) 20... Rc8 21. Rh3 Kg8 {Threatens to win with ...Na5.} 22. Ne2 {[#]} Na7 $1 {[%mdl 512]} 23. Nf4 (23. Nd2 Rxc5) 23... Qb3 ({Not} 23... Rxc5 24. Nxd3 Rxc1+ 25. Nxc1 Bxb2 26. Bxh6 $17) 24. Nd2 Qxb2 ({Weaker is} 24... Rxc5 25. Nxb3 Rxc1+ 26. Nxc1 Bxb2 27. Ncd3 Bc3+ 28. Kf1 $15) 25. Nc4 bxc4 26. Qxa7 Bc3+ {This bishop pair is nice. Black mates.} 27. Kf1 {[#]} Qxc1+ $3 {[%mdl 512]} 28. Bxc1 Rd1+ 29. Ke2 Re1# {Weighted Error Value: White=1.14/Black=0.25 (precise)} 0-1